<?xml version="1.0" encoding="UTF-8"?>
<collection xmlns="http://www.loc.gov/MARC21/slim">
  <record>
    <leader>00000nam  2200000   4500</leader>
    <controlfield tag="001">INLIS000000000018476</controlfield>
    <controlfield tag="005">20241119085858</controlfield>
    <datafield tag="035" ind1="#" ind2="#">
      <subfield code="a">0010-1124000142</subfield>
    </datafield>
    <controlfield tag="007">ta</controlfield>
    <controlfield tag="008">241119###########################0######</controlfield>
    <datafield tag="245" ind1="#" ind2="#">
      <subfield code="a">GEMA SENI :</subfield>
      <subfield code="b">Galeri Ekspresi Mahasiswa pada Bidang Seni Universitas Tadulako /</subfield>
      <subfield code="c">A. Rahmaeni M. S. Sp., M.Pd</subfield>
    </datafield>
    <datafield tag="260" ind1="#" ind2="#">
      <subfield code="a">Makassar :</subfield>
      <subfield code="b">Puslatbang KMP LAN RI,</subfield>
      <subfield code="c">2024</subfield>
    </datafield>
    <datafield tag="300" ind1="#" ind2="#">
      <subfield code="a">51 ;</subfield>
      <subfield code="c">30</subfield>
    </datafield>
    <datafield tag="650" ind1="#" ind2="4">
      <subfield code="a">Meningkatkan kualitas dan efisiensi layanan Karya Seni Mahasiswa</subfield>
    </datafield>
    <datafield tag="700" ind1=" " ind2="#">
      <subfield code="a">Dr. Darsikin M.Si (Mentor)</subfield>
    </datafield>
    <datafield tag="700" ind1=" " ind2="#">
      <subfield code="a">Ahmad Sukarno Syahrir, S.IP., M.Adm. SDA (Coach)</subfield>
    </datafield>
    <datafield tag="520" ind1="#" ind2="#">
      <subfield code="a">Dalam upaya meningkatkan kualitas dan efisiensi layanan Karya Seni mahasiswa, sistem layanan yang terintegrasi menjadi sangat penting. Aktualisasi ini bertujuan untuk mengoptimalkan sistem layanan karya seni yang mewadahi pengarsipan hasi kaya seni mahasiswa dan info kegiatan seni FKIP Universitas Tadulako. Kegitan yang dilakukan dalam aktualisasi ini mencakup, Melakukan Melakukan Penyiapan bahan pelaksanaan kegiatan aktualisasi, Membuat Website Galeri Karya Seni Mahasiswa, Melakukan Publikasi Website. melakukan sosialisasi Website GEMA SENI kepada Mahasiswa, Melakukan Survei kepuasan kepada mahasiswa mengenai aktualisasi yang dilakukan Hasil dari aktualisasi ini menunjukkan bahwa layanan yang diusulkan mampu Memberikan platform untuk memamerkan karya seni, meningkatkan kreativitas mahasiswa, memberikan apresiasi terhadap karya seni mahasiswa, mempermudah akses informasi terkaitkegiatan seni. Dengan adanya layanan ini, diharapkan mahasiswa dapat mengarsipkan karya seni dengan lebih efektif, serta menghasilkan karya seni yang berkualitas yang berkontribusi pada visi keilmuan PGSD Universitas Tadulako. Aktualisasi ini berkontribusi pada pengembangan Layanan karya seni yang lebih baik diperguruan tinggi</subfield>
    </datafield>
    <datafield tag="856" ind1="#" ind2="#">
      <subfield code="a">Puslatbang KMP LAN</subfield>
    </datafield>
  </record>
</collection>
